000 01186cam a2200217 4500
001 WB3920-12
008 030528n2003 000 0 eng u
035 _a(Sirsi) u122429
245 _aBetter places for sport
260 _c2003
490 _aCABE Press Release
_v20 May 2003 (2)
520 _aCABE and Sport England have published jointly a new guidance document "Better places for sport" to assist those involved in the creation of sports facilities. The guidance covers the four main stages of facilities development: preparation, design, construction and usage. It sets out how design quality can be safeguarded through all the stages of the project from inception to on-going use and includes checklists for successful projects. The guidance is available at http://www.sportengland.org/press_releases/final-se.pdf. http://www.cabe.org.uk/V5p_5WFjyMv=QNRIp1D1BbQ/news/press/press_release.html?press_release_id=232
590 _aWB
650 _aSPORTS FACILITIES
650 _aBUILT ENVIRONMENT-CONSTRUCTION DESIGN
650 _aBEST PRACTICE
650 _aDESIGN QUALITY
650 _aMANAGEMENT-PROJECT MANAGEMENT
690 _aLEISURE AND RECREATION
942 _n0
999 _c72771
_d72771